| 000 | 01229nam a2200289 i 4500 | ||
|---|---|---|---|
| 001 | 200128893 | ||
| 003 | TR-AnTOB | ||
| 005 | 20250701102344.0 | ||
| 007 | ta | ||
| 008 | 130325s1967 nyua 000 0 eng d | ||
| 035 | _a(TR-AnTOB)200128893 | ||
| 040 |
_aTR-AnTOB _beng _erda _cTR-AnTOB |
||
| 041 | 0 | _aeng | |
| 050 | 1 | 4 |
_aPN6013.5 _b.R43 1967 |
| 090 |
_aPN6013.5 _b.R43 1967 |
||
| 245 | 0 | 0 |
_aReader’s digest condensed books / _cReader's Digest Association. |
| 264 | 1 |
_aPleasantville, N.Y. : _bThe Reader's Digest Association, _c1967. |
|
| 300 |
_a504 pages : _billustrations ; _c19 cm |
||
| 336 |
_atext _btxt _2rdacontent |
||
| 337 |
_aunmediated _bn _2rdamedia |
||
| 338 |
_avolume _bnc _2rdacarrier |
||
| 505 | 0 |
_tThe authors and their books -- _tI start counting / _rAudrey Erskine Lindop -- _tThree in hand : the facts of life, the letter, Lord mountdrago from the complete short stories / _rW. Somerset Maugham -- _tWinston Churchill : the struggle for survival 1940-65 / _rLord Moran -- _tMy boy John that went to sea / _rJames Vance Marshall -- _tAvalon / _rAnya Seton. |
|
| 650 | 0 |
_aCondensed books _988997 |
|
| 710 | 2 |
_aReader's Digest Association _9149051 |
|
| 942 |
_2lcc _cBK |
||
| 999 |
_c200128893 _d32275 |
||